Geometry

Αποθηκεύτηκε σε:
Λεπτομέρειες βιβλιογραφικής εγγραφής
Κύριος συγγραφέας: Audin, Michele
Μορφή: Βιβλίο
Γλώσσα:English
Δημοσίευση: Berlin ; New York : Springer, c2003
Σειρά:Universitext
Θέματα:
Ετικέτες: Προσθήκη ετικέτας
Δεν υπάρχουν, Καταχωρήστε ετικέτα πρώτοι!

MARC

LEADER 00000nam a2200000 i 4500
001 1/44698
008 031110s2003 eng d
020 |a 3-540-43498-4 
035 |l 10071594 
040 |a GR-MY-UA  |b gre  |e aacr 
041 0 |a eng 
082 0 |a 516 
100 1 |a Audin, Michele. 
245 1 0 |a Geometry /  |c Michele Audin 
260 |a Berlin ; New York :   |b Springer,   |c c2003 
300 |a vi, 357 p.;  |b ill.;  |c 24 cm. 
490 1 |a Universitext 
504 |a Includes bibliographical references and index 
650 0 0 |a Geometry. 
830 0 |a Universitext 
852 |a INST  |b SAMOS  |e 20031110  |h 516 AUD  |p 005300023658  |q 005300023658  |t BK  |y 0 
901 |a BIBL3-2003-3 
909 |a Σ  |b 106812 
922 |a 3ΕΛΗ  |b 200309  |c ΕΠΕΑΕΚ2/ΤΜΗΜΑ ΜΑΘΗΜΑΤΙΚΩΝ  |d ΜΙΧΑΛΟΠΟΥΛΟΣ 
950 |a 116-2003-09-07 
970 |a ΚΟΣΙΕΡΗΣ  |b ΧΡΗΣΤΟΣ  |z 2003/11/14